|
|
|
|
| LEADER |
01234nam a2200277 i 4500 |
| 001 |
c000305917 |
| 003 |
CARM |
| 005 |
00000000000000.0 |
| 008 |
840313s1969 nyu 0 eng d |
| 019 |
1 |
|
|a 69847441
|5 LACONCORD2021
|
| 035 |
|
|
|a (OCoLC)18050
|5 LACONCORD2021
|
| 082 |
0 |
4 |
|a 530.15
|
| 100 |
1 |
|
|a Keller, Joseph Bishop,
|d 1923-
|
| 245 |
1 |
0 |
|a Bifurcation theory and nonlinear eigenvalue problems /
|c Edited by Joseph B. Keller and Stuart Antman.
|
| 260 |
|
|
|a New York :
|b W.A. Benjamin,
|c 1969.
|
| 300 |
|
|
|a 434 p.
|
| 490 |
0 |
|
|a Mathematics lecture note series
|
| 500 |
|
|
|a Based upon a series of 15 lectures presented to the Seminar on bifurcation theory and nonlinear eigenvalue problems, held at the Courant Institute, New University during 1966-67.
|
| 650 |
|
0 |
|a Nonlinear theories.
|
| 650 |
|
0 |
|a Differential equations, Nonlinear.
|
| 650 |
|
0 |
|a Mathematical physics.
|
| 700 |
1 |
|
|a Antman, S. S.
|q (Stuart S.)
|
| 710 |
2 |
|
|a New York University.
|b Institute of Mathematical Sciences.
|
| 852 |
8 |
|
|b CARM
|h A2:AB09B0
|i C10977
|p 0514292
|f BK
|
| 999 |
f |
f |
|i 397fae29-5221-5e5f-bbc5-bbea07ee0c62
|s b364057b-0a91-53c4-acb6-1777e006f10d
|
| 952 |
f |
f |
|p Can circulate
|a CAVAL
|b CAVAL
|c CAVAL
|d CARM 1 Store
|e C10977
|f A2:AB09B0
|h Other scheme
|i book
|m 0514292
|